[Event "SK Gescher 1 - SF Beelen 2"]
[Site "Verbandsklasse 2015/2016"]
[Date "2015.11.07"]
[Round "2.4"]
[White "Lanfer, Stefanie"]
[Black "Hofene, Werner"]
[Result "0-1"]
[WhiteElo "1813"]
[BlackElo "1721"]
[PlyCount "98"]
[EventDate "2015.??.??"]
[SourceDate "2015.10.31"]

1. e4 d6 2. d4 Nf6 3. Nc3 g6 4. Be3 Bg7 5. f3 c6 6. Qd2 Nbd7 7. O-O-O b5 8. g4
Nb6 9. g5 Nfd7 10. h4 b4 11. Nb1 a5 12. f4 Bb7 13. h5 c5 14. h6 Bxd4 15. Bxd4
cxd4 16. Qxd4 Rg8 17. Bb5 Rc8 18. Rh2 Bc6 19. Bxc6 Rxc6 20. Nf3 Rc4 21. Qe3 Qc7
22. Nd4 a4 23. Re2 Nb8 24. Nd2 Rc5 25. Qd3 Kd7 26. N2f3 Kc8 27. Nb5 Qd7 28.
Nbd4 e5 29. Red2 exd4 30. Qxd4 Nc4 31. Re2 Qg4 32. Qd3 Qxf4+ 33. Kb1 Rd8 34. e5
Nxe5 35. Nxe5 Rxe5 36. Rxe5 Qxe5 37. Qc4+ Qc5 38. Qxf7 Rd7 39. Qf8+ Kc7 40. Qf4
Nc6 41. Ka1 a3 42. Kb1 Qe5 43. Qc1 Qxb2+ 44. Qxb2 axb2 45. Kxb2 Rf7 46. Rd5 Rf4
47. a4 bxa3+ 48. Kxa3 Rc4 49. Kb2 Rc5 0-1

[Event "SK Gescher 1 - SF Beelen 2"]
[Site "Verbandsklasse 2015/2016"]
[Date "2015.11.07"]
[Round "2.5"]
[White "Schemmann, Bernhard"]
[Black "Iking, Bernhard"]
[Result "1/2-1/2"]
[WhiteElo "1856"]
[BlackElo "1771"]
[PlyCount "129"]
[EventDate "2015.??.??"]
[SourceDate "2015.10.31"]

1. e4 c6 2. d4 d5 3. e5 Bf5 4. Be3 e6 5. Nd2 Nd7 6. Ngf3 Be7 7. Be2 c5 8. c4
cxd4 9. Bxd4 dxc4 10. Bxc4 a6 11. O-O b5 12. Bb3 Nh6 13. a4 Bd3 14. Re1 Nf5 15.
Nf1 Bxf1 16. Kxf1 Nxd4 17. Nxd4 Nc5 18. Qf3 Nxb3 19. Qc6+ Kf8 20. Nxb3 Qd3+ 21.
Kg1 Rd8 22. Nc5 Bxc5 23. Qxc5+ Kg8 24. axb5 axb5 25. Qe7 h6 26. Ra7 Kh7 27.
Qxf7 Qg6 28. Qxg6+ Kxg6 29. Re7 Rhe8 30. Rb7 Rd5 31. f4 Rc8 32. Re2 Rc4 33. g3
h5 34. Kg2 Rcd4 35. Re7 Rd2 36. Kf2 R5d3 37. Rxe6+ Kf5 38. Rb6 Rxe2+ 39. Kxe2
Rb3 40. Rd6 Rxb2+ 41. Rd2 Rb3 42. Kf2 g6 43. Re2 Ke6 44. h3 b4 45. Re3 Rb2+ 46.
Kf3 Rb1 47. Rd3 b3 48. Rd6+ Kf7 49. Rb6 b2 50. Kg2 Ke7 51. g4 hxg4 52. hxg4 Kf7
53. f5 gxf5 54. gxf5 Re1 55. Rb7+ Ke8 56. Rxb2 Rxe5 57. Rf2 Kf7 58. Kg3 Kf6 59.
Kg4 Re4+ 60. Rf4 Re1 61. Rf2 Re4+ 62. Rf4 Re1 63. Ra4 Rg1+ 64. Kf4 Rf1+ 65. Kg4
1/2-1/2

[Event "SK Gescher 1 - SF Beelen 2"]
[Site "Verbandsklasse 2015/2016"]
[Date "2015.11.07"]
[Round "2.6"]
[White "Stein, Michael"]
[Black "Bleier, Thomas"]
[Result "1/2-1/2"]
[WhiteElo "1706"]
[BlackElo "1651"]
[PlyCount "26"]
[EventDate "2015.??.??"]
[SourceDate "2015.10.31"]

1. e4 e6 2. d3 d5 3. Nd2 b6 4. Ngf3 Bb7 5. g3 Nd7 6. Bg2 dxe4 7. dxe4 Ngf6 8.
e5 Nd5 9. O-O Be7 10. Re1 c5 11. Nf1 Qc7 12. a3 b5 13. h4 h6 1/2-1/2

[Event "SK Gescher 1 - SF Beelen 2"]
[Site "Verbandsklasse 2015/2016"]
[Date "2015.11.07"]
[Round "2.7"]
[White "Hofene, Markus"]
[Black "Frieske, Hilmar"]
[Result "1/2-1/2"]
[WhiteElo "1661"]
[BlackElo "1776"]
[PlyCount "105"]
[EventDate "2015.??.??"]
[SourceDate "2015.10.31"]

1. e4 d5 2. exd5 Nf6 3. c4 c6 4. dxc6 Nxc6 5. Nf3 e5 6. Nc3 Bf5 7. a3 e4 8. Nh4
Be6 9. d3 Ng4 10. g3 exd3 11. Bxd3 Nce5 12. Bf5 Qxd1+ 13. Nxd1 Bxc4 14. Ne3
Nxe3 15. Bxe3 Bd5 16. O-O g6 17. Bd4 f6 18. Bxe5 fxe5 19. Bh3 Bg7 20. Rad1 Bc6
21. Bg2 Bxg2 22. Nxg2 Ke7 23. Ne3 Rac8 24. f4 e4 25. f5 Be5 26. fxg6 hxg6 27.
Nd5+ Ke6 28. Nf4+ Bxf4 29. Rxf4 Ke5 30. Re1 Rc4 31. b3 Rd4 32. Rf7 Rb8 33. Re7+
Kf5 34. Rf1+ Kg5 35. Rf4 Rd1+ 36. Kg2 Rd2+ 37. Kh3 Rh8+ 38. Rh4 Rxh4+ 39. gxh4+
Kf5 40. Kg3 Rd3+ 41. Kf2 Rxb3 42. a4 a6 43. Ke2 b5 44. axb5 axb5 45. Rf7+ Ke6
46. Rb7 b4 47. Rb5 Kf6 48. h5 Rb2+ 49. Ke3 Rxh2 50. Rb6+ Kg7 51. hxg6 b3 52.
Kxe4 b2 53. Kd3 1/2-1/2

[Event "SK Gescher 1 - SF Beelen 2"]
[Site "Verbandsklasse 2015/2016"]
[Date "2015.11.07"]
[Round "2.8"]
[White "Leschinsky, Sven"]
[Black "Leismann, Franz-Josef"]
[Result "1/2-1/2"]
[WhiteElo "1469"]
[BlackElo "1546"]
[PlyCount "43"]
[EventDate "2015.??.??"]
[SourceDate "2015.10.31"]

1. e4 e6 2. d4 b6 3. Bf4 Bb7 4. Nd2 Nf6 5. Bd3 c5 6. Ngf3 Nc6 7. c3 cxd4 8.
Nxd4 Bc5 9. N4b3 Be7 10. O-O d6 11. Qe2 e5 12. Bg3 O-O 13. Rad1 h6 14. Ba6 Qc8
15. Bd3 Qd7 16. Bc2 Rfd8 17. Nf3 Qc8 18. Nbd2 Na5 19. Rfe1 Ba6 20. Bd3 Bb7 21.
Bc2 Ba6 22. Bd3 1/2-1/2